Survey (Record no. 83011)

MARC details
000 -LEADER
fixed length control field 00965cab a22001935a 4500
001 - CONTROL NUMBER
control field L152590
008 - FIXED-LENGTH DATA ELEMENTS--GENERAL INFORMATION
fixed length control field 110331e20110307xxk 000 0 eng d
035 ## - SYSTEM CONTROL NUMBER
System control number (Sirsi) u152590
041 0# - LANGUAGE CODE
Language code of text/sound track or separate title eng
110 2# - MAIN ENTRY--CORPORATE NAME
Corporate name or jurisdiction name as entry element Hogan Lovells
9 (RLIN) 5932
245 00 - TITLE STATEMENT
Title Survey
Remainder of title tax and legal
260 ## - PUBLICATION, DISTRIBUTION, ETC.
Date of publication, distribution, etc. 2011
490 #0 - SERIES STATEMENT
Series statement EuroProperty
Volume/sequential designation 7 March 2011, 23-27(5)
520 ## - SUMMARY, ETC.
Summary, etc. Regulation is 2011's biggest theme for European real estate investment: reforms ranging from European directives on alternative investment fund managers to a wide array of changes in the US financial regulatory system and the prospect of an international lease accounting standard. Provides an overview of how legislative bodies are grappling with tax matters, competition law and real estate investment across Europe: UK, Germany, Italy, and Eastern Europe including Russia, the Czech Republic, Hungary, and Poland.
590 ## - LOCAL NOTE (RLIN)
Local note KA
651 #4 - SUBJECT ADDED ENTRY--GEOGRAPHIC NAME
Geographic name Europe
690 ## - LOCAL SUBJECT ADDED ENTRY--TOPICAL TERM (OCLC, RLIN)
Topical term or geographic name as entry element PROPERTY-PROPERTY TAXATION
942 ## - ADDED ENTRY ELEMENTS (KOHA)
Suppress in OPAC 0
Holdings
Withdrawn status Lost status Source of classification or shelving scheme Damaged status Not for loan Home library Current library Shelving location Date acquired Total Checkouts Full call number Barcode Date last seen Copy number Price effective from Koha item type
    Dewey Decimal Classification     London London Journal article 31/03/2011   L152590 152590-1001 06/08/2019 1 06/08/2019 Journal article